People with the initials 'JC' - Statistics

General Stats
  • This quiz has been taken 71 times
  • The average score is 12 of 20
Answer Stats
Hint Answer % Correct
Messiah Jesus Christ
91%
'Truman Show', 'Bruce Almighty' star Jim Carrey
88%
'Ring of Fire', 'I Walk the Line' singer Johnny Cash
88%
39th U.S. President Jimmy Carter
84%
Explorer; discovered Australia Captain James Cook
81%
Roman emperor Julius Caesar
81%
Monty Python star; Basil Fawlty John Cleese
72%
'Carpool Karaoke' creator; 'Gavin & Stacey' star James Corden
67%
Wife of above, singer-songwriter June Carter
66%
Movie kung-fu stuntman Jackie Chan
64%
King of Spain Juan Carlos I
64%
Top Gear / Grand Tour presenter Jeremy Clarkson
56%
Malaysian fashion designer, eponymous brand known for shoes Jimmy Choo
56%
WWE star John Cena
50%
Labour Party (UK) leader Jeremy Corbyn
45%
'8 out of 10 cats' comedian Jimmy Carr
39%
'Heart of Darkness', 'Nostromo' author Joseph Conrad
38%
Deliberately camp comedian Julian Clary
22%
Entrepreneur (from 'Dragon's Den') James Caan
13%
English author of 'Harvest' and 'Quarantine' Jim Crace
5%
No matching quizzes found
Score Distribution
Percent of People with Each Score
Percentile by Number Answered
Your Score History
You have not taken this quiz